| 000 | 00386nam a2200121Ia 4500 | ||
|---|---|---|---|
| 008 | 220216s9999 xx 000 0 und d | ||
| 100 | _aWatson G A | ||
| 245 | 0 | _aCover plants and tree growth, Part 1. The effect of leguminous and non-leguminous cover plants on the period of immaturity | |
| 260 |
_bPlanters Bulletin _c1963 |
||
| 300 | _a123-129 | ||
| 650 | _aCover plants | ||
| 942 | _cJS | ||
| 999 |
_c56474 _d56474 |
||